000 01077cab a2200193 4500
001 ABS38255
008 090401t xxu||||| |||| 00| 0 eng d
035 _a(Sirsi) u9572
041 _aeng
245 _aRoofing
260 _cSupplement 16 October 1987(24) LOAN
350 _a0
490 _aBuilding
_vSupplement 16 October 1987(24) LOAN
520 _aBuilding supplement on roofing which begins by describing the use of thatch on a housing scheme in Milton Keynes . Continues with a review of the restoration of timber roofs in historic buildings , illustrating with examples. Notes the revival of the market for clay tiling and assesses the durability of glue laminated timber roofs. Includes a pictorial review of the winning entries in the Redland Pitched Roof Awards. Briefly reviews the history of the use of copper and stainless steel in roofs and traces the progress made in flat roofing design. Concludes with case studies and a products review. Photos.
650 _aGLULAM
690 _aBUILT ENVIRONMENT-BUILDING MATERIALS
942 _n0
948 _c04/03/1997
999 _c5997
_d5997